书目信息 |
| 题名: |
汽车单片机与车载网络技术
|
|
| 作者: | 李勇 主编 | |
| 分册: | ||
| 出版信息: | 北京 电子工业出版社 2020.7 |
|
| 页数: | 12,322页 | |
| 开本: | 26cm | |
| 丛书名: | ||
| 单 册: | ||
| 中图分类: | U463.67 | |
| 科图分类: | ||
| 主题词: | 汽车--单片微型计算机--高等教育--教材 , 汽车--计算机网络--高等教育--教材 | |
| 电子资源: | ||
| ISBN: | 978-7-121-26663-8 | |
| 000 | 01100nam0 2200265 45 | |
| 001 | 012001000657 | |
| 005 | 20211013145044.70 | |
| 010 | @a978-7-121-26663-8@dCNY45.00 | |
| 100 | @a20150915d2015 em y0chiy50 ea | |
| 101 | 0 | @achi |
| 102 | @aCN@b110000 | |
| 105 | @aa z 000yy | |
| 106 | @ar | |
| 200 | 1 | @a汽车单片机与车载网络技术@Aqi che dan pian ji yu che zai wang luo ji shu@b专著@f李勇主编 |
| 205 | @a2版 | |
| 210 | @a北京@c电子工业出版社@d2020.7 | |
| 215 | @a12,322页@c图@d26cm | |
| 300 | @a普通高等教育“十二五”规划教材 汽车类高端技能人才实用教材 | |
| 330 | @a本书内容分为两大部分,其中第一部分为汽车单片机部分,主要介绍通用单片机MCS-51的内部结构、工作原理与典型应用系统,介绍单片机的指令系统和程序设计过程,以及典型接口电路的硬件和软件构成;第二部分为车载网络部分,主要介绍车载网络的发展历史,以及有关通信与网络技术的基础知识等。 | |
| 606 | 0 | @a汽车@x单片微型计算机@x高等教育@j教材 |
| 606 | 0 | @a汽车@x计算机网络@x高等教育@j教材 |
| 690 | @aU463.67@v5 | |
| 701 | 0 | @a李勇@Ali yong@c(高级工程师)@4主编 |
| 801 | 0 | @aCN@bBJSDL@c20211011 |
| 905 | @b1335639-42@dU463.67@e1055=2@f4 | |
| 汽车单片机与车载网络技术/李勇主编.-2版.-北京:电子工业出版社,2020.7 |
| 12,322页:图;26cm |
| 普通高等教育“十二五”规划教材 汽车类高端技能人才实用教材 |
| ISBN 978-7-121-26663-8:CNY45.00 |
| 本书内容分为两大部分,其中第一部分为汽车单片机部分,主要介绍通用单片机MCS-51的内部结构、工作原理与典型应用系统,介绍单片机的指令系统和程序设计过程,以及典型接口电路的硬件和软件构成;第二部分为车载网络部分,主要介绍车载网络的发展历史,以及有关通信与网络技术的基础知识等。 |
| ● |
| 相关链接 |
|
|
|
|
正题名:汽车单片机与车载网络技术
索取号:U463.67/1055=2
 
预约/预借
| 序号 | 登录号 | 条形码 | 馆藏地/架位号 | 状态 | 备注 |
| 1 | 1335639 | 213356394 | 第二样本阅览室/ [索取号:U463.67/1055=2] | 在馆 | |
| 2 | 1335640 | 213356401 | 第三借阅区/ [索取号:U463.67/1055=2] | 在馆 | |
| 3 | 1335641 | 213356410 | 第三借阅区/ [索取号:U463.67/1055=2] | 在馆 | |
| 4 | 1335642 | 213356429 | 第三借阅区/ [索取号:U463.67/1055=2] | 在馆 |